LEADER 01055nam a2200241 u 4500 001 000000078675 003 CaOOAMICUS 005 20070226123445.0 008 040511s1985 it u000 u ita u 035 $a10994531 040 $aPUL$bita 100 1 $aCozzoli, Mauro,$d1946-$0(OLS)http://pul/name/38463 245 10$aEssere č co-essere :$bla natura e la vocazione sociale della persona /$cdi Mauro Cozzoli. 260 $aBologna :$bDehoniane,$c1985. 300 $ap. 69-94 ;$c19 cm 500 $aEstratto da: L'etica tra quotidiano e remoto : studi in onore di G. Mattai. 504 $aBibliografia in nota. 650 4$aEtica cristiana.$0(OLS)http://pul/subject/1395 850 $aPUL 852 $aPUL$W1$xDP1 Miscellanee$y10$mMisc.Phil.C$j100854$nBK-PRI$b $qStampati Miscellanee$B100858$CPULBib$Z2$F100858 $HPUL94802 $81 941 1 $a17 996 $6245$aEssere č co-essere :$bla natura e la vocazione sociale della persona$9(OLS)http://pul/title/103033 996 $6260$aBologna :$bDehoniane$9(OLS)http://pul/publisher/48655 LEADER 01438nam a2200313 u 4500 001 000000118743 003 CaOOAMICUS 005 20091214145431.0 008 091214t2009 it u000 udita r 020 $a978-88-16-40907-1 040 $aPUL$bita$dReb 100 1 $aSale, Giovanni,$cS.I.,$d1958-$0(OLS)http://pul/name/50714 245 13$aLe leggi razziali in Italia e il Vaticano /$cGiovanni Sale ; saggio introduttivo di Emma Fattorini. 260 $aMilano :$bJaca Book,$c©2009. 300 $a303 p. ;$c23 cm 490 1 $aDi fronte e attraverso ;$v907 490 1 $aI libri de "La Civiltą cattolica" 504 $aBibliografia p. 293-296. 650 4$aLeggi razziali$zItalia$zVaticano.$0(OLS)http://pul/subject/36082 650 4$aEbrei$xCondizioni politiche e sociali$zItalia.$0(OLS)http://pul/subject/20931 700 1 $aFattorini, Emma.$0(OLS)http://pul/name/27412 830 0$aDi fronte e attraverso ;$v907.$0(OLS)http://pul/title/138 830 2$aI libri de "La Civiltą cattolica".$0(OLS)http://pul/title/132061 850 $aPUL 852 $aPUL$W1$xSL Religione 3$y85$m261. 7 SALGI 1$j136287$qDDC 21$B135252$CPULBib$Z2$F135252 $H112069 $82 941 1 $a9 996 $6020$a978-88-16-40907-1$9(OLS)http://pul/number/142785 996 $6245$aLe leggi razziali in Italia e il Vaticano$9(OLS)http://pul/title/149447 996 $6260$aMilano :$bJaca Book$9(OLS)http://pul/publisher/47900